| 000 | 00518nam a2200193 a 4500 | ||
|---|---|---|---|
| 001 | 14907 | ||
| 003 | CO-ViMGA | ||
| 008 | 141112s2004 ck r 000 u spa d | ||
| 020 | _a9588052610 | ||
| 040 |
_aCO-ViMGA _bspa _cCO-ViMGA |
||
| 082 | 0 | 4 | _a770.9861 M853v |
| 100 | 1 |
_aMúnera, Jorge Mario _92613 |
|
| 245 | 1 | 0 | _aVista suelta |
| 260 |
_aBtá , _cMinisterio de Cultura, _c2000 |
||
| 300 | _a76.p.fotos | ||
| 490 | _aPremio Nacional de fotografía 1998 | ||
| 650 | 1 | 4 |
_aFOTOGRAFIA COLOMBIANA _9613 |
| 942 |
_2ddc _cBK |
||
| 999 |
_c25368 _d25368 |
||